[Event "ROM-ch"]
[Site "Baile Olanesti"]
[Date "2013.02.21"]
[Round "7"]
[White "Coman, Liviu"]
[Black "Giurumia, Sorin"]
[Result "1/2-1/2"]
[WhiteElo "1798"]
[BlackElo "2124"]
[PlyCount "139"]
[EventDate "2013.02.16"]
[EventType "swiss"]
[EventRounds "11"]
[EventCountry "ROU"]
[SourceTitle "CBM 153 Extra"]
[Source "ChessBase"]
[SourceDate "2013.04.22"]
[SourceVersion "1"]
[SourceVersionDate "2013.04.22"]
[SourceQuality "1"]

1. e4 c5 2. Nf3 d6 3. d4 cxd4 4. Nxd4 Nf6 5. Nc3 a6 6. f3 e6 7. Be3 b5 8. Bd3 Bb7 9. Qd2 Nbd7 10. 0-0-0 b4 11. Nce2 d5 12. exd5 Nxd5 13. Kb1 Be7 14. Be4 N7f6 15. g4 Nxe4 16. fxe4 Nf6 17. e5 Ne4 18. Qe1 Qc7 19. Bf4 0-0 20. h4 Rac8 21. Rh3 a5 22. g5 Rfd8 23. Rc1 Qc4 24. Nb3 Ba6 25. Re3 a4 26. Nbd4 Qd5 27. Rd1 a3 28. Nc1 axb2 29. Rxe4 bxc1Q+ 30. Bxc1 Bc5 31. Bb2 Bc4 32. Kc1 Qa8 33. Nb3 Bd5 34. Nxc5 Rxc5 35. Rxb4 Qxa2 36. Qe3 Qa5 37. Qa3 Qc7 38. Rd2 Rc8 39. Qd3 Qa5 40. Qa3 Qc7 41. Qd3 g6 42. h5 gxh5 43. Rh2 Bf3 44. Rf4 Bg4 45. Rxg4 hxg4 46. Qxh7+ Kf8 47. Ba3 Ke8 48. Qg8+ Ke7 49. Qg7 Kd7 50. Qxf7+ Kc6 51. Qxe6+ Kb5 52. Bxc5 Qxc5 53. Qb3+ Ka5 54. Rd2 Ka6 55. Rd6+ Ka7 56. Qa4+ Kb8 57. Qb3+ Kc7 58. Qf7+ Kb8 59. Qb3+ Kc7 60. Rd5 Qg1+ 61. Rd1 Qc5 62. e6 Qxg5+ 63. Rd2 Rd8 64. Qc3+ Kb7 65. Kd1 Rxd2+ 66. Qxd2 Qxd2+ 67. Kxd2 Kc6 68. Ke3 Kd6 69. e7 Kxe7 70. Kf4 1/2-1/2

[Event "ROM-ch"]
[Site "Baile Olanesti"]
[Date "2013.02.19"]
[Round "5"]
[White "Patrascu, Catalin Lucian"]
[Black "Giurumia, Sorin"]
[Result "1-0"]
[WhiteElo "1937"]
[BlackElo "2124"]
[PlyCount "121"]
[EventDate "2013.02.16"]
[EventType "swiss"]
[EventRounds "11"]
[EventCountry "ROU"]
[SourceTitle "CBM 153 Extra"]
[Source "ChessBase"]
[SourceDate "2013.04.22"]
[SourceVersion "1"]
[SourceVersionDate "2013.04.22"]
[SourceQuality "1"]

1. e4 c5 2. Nf3 d6 3. d4 cxd4 4. Nxd4 Nf6 5. Nc3 a6 6. Bg5 e6 7. f4 Be7 8. Qf3 h6 9. Bh4 Qc7 10. Qg3 g5 11. fxg5 Rg8 12. Qf3 hxg5 13. Bg3 Nbd7 14. 0-0-0 Ne5 15. Qe3 Nh5 16. Kb1 Nxg3 17. Qxg3 Bd7 18. h4 0-0-0 19. Nf5 Bf8 20. Ne3 Bc6 21. h5 Be7 22. Be2 Kb8 23. Qh3 b5 24. a3 Rc8 25. g4 Qb6 26. Rd2 Bb7 27. Ned1 Nc4 28. Bxc4 Rxc4 29. Qe3 Qc7 30. Rf1 f6 31. Rff2 Rc5 32. Qd3 Re5 33. Rfe2 Rd8 34. Qf3 Rc5 35. Qe3 Rf8 36. Re1 Rc4 37. Ree2 Qc6 38. Re1 a5 39. Nd5 Bd8 40. N5c3 Bb6 41. Qg3 Bd4 42. Qh3 Be5 43. Rde2 Ba6 44. h6 Rh8 45. Qh5 b4 46. axb4 axb4 47. Na2 b3 48. cxb3 Rd4 49. Re3 Bd3+ 50. Ka1 Qc2 51. Ndc3 Qxb3 52. Qf7 Bc4 53. h7 Rd2 54. Qg8+ Kc7 55. Nd5+ exd5 56. Rxb3 Bxb3 57. Rc1+ Bc4 58. Nc3 f5 59. Nxd5+ Rxd5 60. Qxd5 Rxh7 61. Rxc4+ 1-0

[Event "ROM-ch"]
[Site "Baile Olanesti"]
[Date "2013.02.18"]
[Round "4"]
[White "Giurumia, Sorin"]
[Black "Petrisor, Adrian Marian"]
[Result "0-1"]
[WhiteElo "2124"]
[BlackElo "2392"]
[PlyCount "108"]
[EventDate "2013.02.16"]
[EventType "swiss"]
[EventRounds "11"]
[EventCountry "ROU"]
[SourceTitle "CBM 153 Extra"]
[Source "ChessBase"]
[SourceDate "2013.04.22"]
[SourceVersion "1"]
[SourceVersionDate "2013.04.22"]
[SourceQuality "1"]

1. c4 Nf6 2. Nc3 e6 3. e4 d5 4. e5 d4 5. exf6 dxc3 6. bxc3 Qxf6 7. d4 h6 8. Nf3 c5 9. a3 b6 10. Bd3 Bb7 11. Ne5 Bd6 12. Qe2 Bxe5 13. dxe5 Qh4 14. 0-0 Nc6 15. f4 g6 16. Be3 Na5 17. Rad1 0-0-0 18. Bf2 Qe7 19. Qe1 Qc7 20. Bc2 Nxc4 21. Bh4 Rxd1 22. Bxd1 Qd7 23. Bf6 Rg8 24. Bf3 Bxf3 25. Rxf3 Qd2 26. Qe4 Qd1+ 27. Kf2 Qd2+ 28. Kg3 Qd5 29. Qxd5 exd5 30. Rd3 Nxa3 31. Rxd5 Nb5 32. Rd3 c4 33. Re3 Kd7 34. Kf3 a5 35. g4 a4 36. f5 gxf5 37. gxf5 a3 38. e6+ fxe6 39. fxe6+ Ke8 40. Ke4 Rf8 41. Bd4 Ke7 42. Re1 Kxe6 43. Bxb6 Kd6 44. Rg1 Nxc3+ 45. Kd4 Ne2+ 46. Kxc4 Rc8+ 47. Kb3 Nxg1 48. Bxg1 Ra8 49. Ka2 Kd5 50. Be3 h5 51. h4 Ke4 52. Bg5 Kf5 53. Be7 Kg4 54. Bf6 Kg3 0-1

[Event "Odorheiu Secuiesc op"]
[Site "Odorheiu Secuiesc"]
[Date "1993.??.??"]
[Round "1"]
[White "Dovzik, Juri"]
[Black "Giurumia, Sorin"]
[Result "1-0"]
[WhiteElo "2345"]
[BlackElo "2220"]
[PlyCount "81"]
[EventDate "1993.05.??"]
[EventType "swiss"]
[EventRounds "11"]
[EventCountry "ROU"]
[SourceTitle "TD"]
[Source "ChessBase"]
[SourceDate "1994.03.01"]
[SourceVersion "1"]
[SourceVersionDate "1994.03.01"]
[SourceQuality "1"]

1. e4 c5 2. c3 d6 3. d4 Nf6 4. Bd3 g6 5. Nf3 Bg7 6. 0-0 0-0 7. h3 cxd4 8. cxd4 Nc6 9. Nc3 e5 10. d5 Nd4 11. Bg5 h6 12. Be3 Nxf3+ 13. Qxf3 a6 14. Rac1 Bd7 15. Rc2 b5 16. Rfc1 Qb8 17. Qd1 Kh7 18. Ne2 Rc8 19. Qd2 Rxc2 20. Rxc2 a5 21. Qc1 Ne8 22. Ng3 b4 23. Nf1 f5 24. exf5 Bxf5 25. Bxf5 gxf5 26. Rc6 Qd8 27. Qc2 e4 28. b3 Qf6 29. Bf4 Qd4 30. Rc8 Qxd5 31. Ne3 Rxc8 32. Qxc8 Qf7 33. Nxf5 a4 34. bxa4 Bf8 35. g3 Ng7 36. Nxh6 Qf6 37. Qc4 d5 38. Qxd5 Qe7 39. Be3 Qe8 40. a5 Qe7 41. a6 1-0

[Event "Odorheiu Secuiesc op"]
[Site "Odorheiu Secuiesc"]
[Date "1993.??.??"]
[Round "11"]
[White "Giurumia, Sorin"]
[Black "Marin, Irina Luiza"]
[Result "1-0"]
[WhiteElo "2220"]
[BlackElo "2261"]
[PlyCount "55"]
[EventDate "1993.05.??"]
[EventType "swiss"]
[EventRounds "11"]
[EventCountry "ROU"]
[SourceTitle "TD"]
[Source "ChessBase"]
[SourceDate "1994.03.01"]
[SourceVersion "1"]
[SourceVersionDate "1994.03.01"]
[SourceQuality "1"]

1. a3 d5 2. Nf3 Nf6 3. g3 e6 4. Bg2 Be7 5. 0-0 0-0 6. d3 c5 7. c4 Nc6 8. Nc3 d4 9. Na4 e5 10. Rb1 Qc7 11. e3 Rb8 12. exd4 cxd4 13. Bg5 b5 14. cxb5 Rxb5 15. Rc1 Qd6 16. Rxc6 Qxc6 17. Nxd4 Qa6 18. Nxb5 Qxb5 19. Bxf6 Bxf6 20. b4 Rd8 21. Be4 Be7 22. Nc3 Qa6 23. Nd5 Bf8 24. Qh5 f5 25. Nc7 Qxa3 26. Bd5+ Kh8 27. Qf7 Bxb4 28. Ne8 1-0

[Event "ROM-chT"]
[Site "Romania"]
[Date "1992.??.??"]
[Round "?"]
[White "Giurumia, Sorin"]
[Black "Ardeleanu, Alin"]
[Result "1-0"]
[WhiteElo "2385"]
[BlackElo "2350"]
[PlyCount "54"]
[EventDate "1992.??.??"]
[EventType "team"]
[EventRounds "9"]
[EventCountry "ROU"]
[SourceTitle "EXT 1997"]
[Source "ChessBase"]
[SourceDate "1996.11.15"]
[SourceVersion "1"]
[SourceVersionDate "1996.11.15"]
[SourceQuality "1"]

1. e4 g6 2. d4 Bg7 3. Nc3 d6 4. h3 c6 5. Nf3 Nf6 6. Bd3 0-0 7. 0-0 Nbd7 8. Bg5 e5 9. Qd2 Qb6 10. Na4 Qc7 11. c4 exd4 12. Nxd4 Re8 13. Rae1 Ne5 14. f4 Nxd3 15. Qxd3 Nd7 16. e5 dxe5 17. f5 Rf8 18. f6 Nxf6 19. Bxf6 Bxf6 20. Rxf6 exd4 21. Nc5 b6 22. Ne4 c5 23. Nd6 Be6 24. Ne4 Qe5 25. Qd2 Bf5 26. Qg5 h6 27. Rxf5 Qg7 1-0

[Event "ROM-chT"]
[Site "Romania"]
[Date "1992.??.??"]
[Round "?"]
[White "Nevednichy, Vladislav"]
[Black "Giurumia, Sorin"]
[Result "1-0"]
[WhiteElo "2470"]
[BlackElo "2385"]
[PlyCount "51"]
[EventDate "1992.??.??"]
[EventType "team"]
[EventRounds "9"]
[EventCountry "ROU"]
[SourceTitle "EXT 1997"]
[Source "ChessBase"]
[SourceDate "1996.11.15"]
[SourceVersion "1"]
[SourceVersionDate "1996.11.15"]
[SourceQuality "1"]

1. e4 c5 2. c3 d6 3. d4 Nf6 4. dxc5 Nc6 5. Bc4 Nxe4 6. Bxf7+ Kxf7 7. Qd5+ e6 8. Qxe4 d5 9. Qf4+ Kg8 10. Nf3 Bxc5 11. 0-0 Bd6 12. Qd2 h6 13. Rd1 Ne5 14. Nxe5 Bxe5 15. Qe2 Qc7 16. h3 Bd7 17. Be3 Rf8 18. Nd2 a6 19. Bd4 Bxd4 20. cxd4 Qc2 21. Rac1 Qxb2 22. Rc7 Bb5 23. Qg4 Rh7 24. Qxe6+ Kh8 25. Rc8 Qb4 26. Rb1 1-0